01843cam a22003618i 450000100090000000300090000900500170001800800410003502000250007604000380010108200190013910000330015824500820019125000200027326400540029326400100034730000430035733600260040033700280042633800270045450400510048150502450053252003740077765000300115165000230118165300280120465500170123270000290124990600450127894200120132399900170133595201290135217295610EG-ScBUE20231219142831.0120511t2013 njua f b 001 0 eng d a9781118134153 (pbk.) aDLCbengerdacDLCdDLCdEG-ScBUE04a688.8222bWYB1 aWybenga, George L.,eauthor.14aThe packaging designer's book of patterns /cGeorge L Wybenga, Lászlo Roth. aFourth Edition. 1aHoboken, New Jersey :bJohn Wiley & Sons,c[2013] 4cc2013 av, 697 pages :billustrations ;c30 cm atext2rdacontentbtxt aunmediated2rdamediabn avolume2rdacarrierbnc aIncludes bibliographical references and index.8 aMachine generated contents note: Preface from the First EditionForewordIntroductionThe Folding CartonTraysTubesSleeves, Wraps, and FoldersThe Set-Up or Rigid Paper BoxCorrugated ContainersPoint-of-Purchase DisplaysGlossaryBibliographyIndex. a"Packaging design is increasingly integral to product development activities and is among the earliest considerations of product designers and brand managers. Packaging design involves the design of the physical shape of the package, the graphic design on that package, and the integration of the packaging process into the production process"--cProvided by publisher. 7aPackagingxDesign.2BUEsh 7aPaperboard.2BUEsh cDecember2023bART2GR_D vReading book1 aRoth, Lászlo,eauthor. a7bripcorignewd1eecipf20gy-gencatlg 2ddccBB c30610d30581 00102ddc40708BaccahaMAINbMAINc1STd2023-12-17ePurchasel0o688.8 WYBp000056945r2025-07-15 00:00:00w2023-12-17yBB